Společenský význam gymnastiky, tance a úpolů : monografie /

Hlavní autor: Reguli, Zdenko, 1973-
Korporativní autor: Masarykova univerzita. Fakulta sportovních studií
Další autoři: Ostravská univerzita. Pedagogická fakulta, Jihočeská univerzita. Pedagogická fakulta
Jazyk: Čeština
Vydáno: Brno : Masarykova univerzita, 2013
Vydání: 1. vyd.
Témata:
Fyzický popis: 167 s. : il. ; 21 cm
Language note: České a anglické resumé
Knihy
Uloženo v:
LEADER 02018nam a2200493 a 4500
001 nkc20142587935
003 CZ PrNK
005 20141007081530.0
007 ta
008 140506s2013 xr a f 001 0 cze
015 |a cnb002587935 
020 |a 978-80-210-6290-0  |q (brož.) 
035 |a (OCoLC)883372382 
040 |a ABA001  |b cze 
041 0 |a cze  |b cze  |b eng 
072 7 |a 796  |x Sport. Hry. Tělesná cvičení  |2 Konspekt  |9 20 
080 |a 316.74:796/799  |2 MRF 
080 |a 796.012.6  |2 MRF 
080 |a 304  |2 MRF 
080 |a (048.8:082)  |2 MRF 
100 1 |a Reguli, Zdenko,  |d 1973-  |7 xx0006470  |4 aut 
245 1 0 |a Společenský význam gymnastiky, tance a úpolů :  |b monografie /  |c Zdenko Reguli a kolektiv autorů 
250 |a 1. vyd. 
260 |a Brno :  |b Masarykova univerzita,  |c 2013 
300 |a 167 s. :  |b il. ;  |c 21 cm 
500 |a Nad názvem: Masarykova univerzita, Fakulta sportovních studií, Ostravská univerzita, Pedagogická fakulta, Jihočeská univerzita, Pedagogická fakulta 
500 |a 200 výt. 
504 |a Obsahuje bibliografii a rejstřík 
546 |a České a anglické resumé 
650 0 7 |a sociologie sportu  |7 ph125760  |2 czenas 
650 0 7 |a pohybová aktivita  |7 ph124199  |x sociální aspekty  |2 czenas 
650 0 9 |a sociology of sport  |2 eczenas 
650 0 9 |a movement activity  |x social aspects  |2 eczenas 
655 7 |a kolektivní monografie  |7 fd501537  |2 czenas 
655 9 |a collective monographs  |2 eczenas 
710 2 |a Masarykova univerzita.  |b Fakulta sportovních studií  |7 mzk2003198592 
710 2 |a Ostravská univerzita.  |b Pedagogická fakulta  |7 kn20010709315 
710 2 |a Jihočeská univerzita.  |b Pedagogická fakulta  |7 kn20010710222 
910 2 |a BOA001  |b 2-1325.918 
990 |a BK 
995 |a 01 
991 |b 201406  |c NOV  |j 316.7 REG  |e n 
996 6 |b 2610590857  |c 2-1325.918  |l MZK  |r Sklad / do 1 hodiny  |n 1  |p p.v.  |w 001420171  |u 000010  |a 1  |e BOA001  |j MZK50  |s P 
996 7 |b 2610590858  |c 2-1325.918  |l MZK  |r Sklad / do 1 hodiny  |n 1  |p p.v.  |w 001420171  |u 000020  |a 1  |e BOA001  |j MZK50  |s A